Представление документа в формате RUSMARC

ПолеНазваниеЗначение
  Тип записи a
  Библиографический уровень m
001 Контрольный номер RU/SLIB/B/208701831
005 Дата корректировки 20231201113022.8
010 Индекс ISBN __
d Цена 9-00
101 Язык документа 0_
a Язык текста rus
c Язык оригинала rus
200 Заглавие и сведения об ответственности 0_
a Заглавие Письма русского офицера
f Первые сведения об ответственности Глинка Ф. Н. ; сост., вступ. ст. и примеч. Г. А. Галина
b Общее обозначение материала Текст
210 Выходные данные 1_
a Место издания М.
c Издательство Правда
d Дата издания 1990
215 Физическое описание __
a Объем 448 с.
600 Персоналии _1
a Персоналии (Фамилия) Глинка, Ф. Н.
c Дополнение к имени поэт русский
f Даты 1786-1880
g Полное имя Федор Николаевич
606 Тематические рубрики __
a Основная рубрика Художественная литература
z Хронологическая подрубрика 1812 г.; 19 в. нач.
y Географическая подрубрика Россия
606 Тематические рубрики __
a Основная рубрика Русская литература XIX в. (произведения)
610 Ключевые слова 0_
a Ключевые слова персоналии; войны; вооруженные силы; история; военные деятели; Отечественная война 1812 г.; письма
686 Индексы других классификаций __
2 Код системы rubbks
a Классификационный индекс 84(2=411.2)52-4
700 Автор _1
a Фамилия Глинка
b Имя Ф. Н.
g Полное личное имя Федор Николаевич
4 Код отношения 070
702 Вторичная интеллектуальная ответственность _1
a Фамилия Галин
b Имя Г. А.
4 Код отношения Составитель
4 Код отношения 220
4 Код отношения 080
801 Источник записи _0
a Страна RU
b Организация Муниципальное бюджетное учреждение культуры "Централизованная библиотечная система" г. Сургут (Центральная городская библиотека им. А. С. Пушкина)
g Правила каталогизации ОБ/Бутенко
801 Источник записи _1
a Страна RU
b Организация Муниципальное бюджетное учреждение культуры "Централизованная библиотечная система" г. Сургут (Центральная городская библиотека им. А. С. Пушкина)
g Правила каталогизации ОБ/Бутенко
852 Данные о местонахождении __
j Шифр хранения 84(2=411.2)52-4
c Каталожный индекс 84(2Рос=Рус)1-4
i Авторский знак Г 54
p Инвентарный номер 71599
901 Тип документа __
t Тип документа m
903 Характеристики (МАРС) __
a Дата передачи 19990505
990 Данные о заказе (DOS) 00
j Количество экземпляров (DOS) 1
t N записи в КСУ для И/У (DOS) 199901